| 000 | 00694 a2200241 4500 | ||
|---|---|---|---|
| 003 | CBULib | ||
| 005 | 20240112082339.0 | ||
| 008 | 231127b |||||||| |||| 00| 0 eng d | ||
| 020 | _a9780323709279 | ||
| 040 |
_bEnglish _cCBULib _erda |
||
| 041 | _aeng | ||
| 050 | _aRB 115 Koe | ||
| 100 | _aKoesterman, Jackie L. | ||
| 245 |
_aBuck's 2021 step-by-step medical coding _c/ by Jackie L. Koesterman |
||
| 250 | _a25th edition | ||
| 260 |
_bElsevier, _c2021. _aSt Louis, Missouri : |
||
| 300 | _avi, 243 pages | ||
| 336 |
_2rdacontent _aText | _btxt |
||
| 337 |
_2rdamedia _aUnmediated | _bn |
||
| 338 |
_2rdacarrier _aVolume _bnc |
||
| 650 | 0 |
_2OCLC _91169 _aMEDICAL FEES |
|
| 942 |
_2lcc _c002 |
||
| 999 |
_c83542 _d83542 |
||